000 08596nam a22007097a 4500
005 20090530143926.0
008 090530t xxu||||| |||| 00| 0 hin d
010 _aHIN-86736
020 _a9788188525270
_c250.00
035 _aHN-59082
035 _aB-351449-481
037 _bDBAD / PUB
037 _bपरशुराम हिंदी संस्थान
040 _adpl
_bHN
082 _a250.33
100 _aचतुरसेन
245 _aमहात्मा बुद्ध और बौद्ध धर्म /
_cआचार्य चतुरसेन
246 _aMahaatmaa Buddha aura Bauddh dharma
_bby Acharya Chatursen
260 _aदिल्ली
_bपरशुराम हिंदी संस्थान
_c2008
270 _bदिल्ली
_e110053
_aसी-8/173-174, यमुना विहार,
300 _a208पृ.:
_c23सेमी(सजिल्द)
_bसचित्र
600 _aगौतम बुद्ध
600 _aGautam Buddha
650 _aबौद्ध धर्म
650 _aBuddhism
942 _2ddc
_cHN
_mचतुर
_h250.33
999 _c27054
_d27054